000
00264nam a2200109Ia 4500
008
190914s9999||||xx |||||||||||||| ||und||
100
_a
Kennth C. Laudon
245
0
_a
Management Information Systems
260
_a
India
_b
Oxford
_c
2009
300
_a
24
942
_c
BK
999
_c
10080
_d
10080